Making of Womanhood (Record no. 12690)

MARC details
000 -LEADER
fixed length control field 00658nam a2200253 a 4500
020 ## - INTERNATIONAL STANDARD BOOK NUMBER
ISBN
082 00 - DEWEY DECIMAL CLASSIFICATION NUMBER
Classification number 294.5923
Author Cutter SHA
100 ## - MAIN ENTRY--AUTHOR NAME
Author name Shah, Shalini
245 ## - TITLE STATEMENT
Title Making of Womanhood
Sub title Gender Ralation in the Mahabharata
260 ## - PUBLICATION, DISTRIBUTION, ETC. (IMPRINT)
Place of publication Delhi
Name of publisher Manohar
Year of publication 1985
300 ## - PHYSICAL DESCRIPTION
Number of Pages 183p
500 ## - GENERAL NOTE
General note includes index and biblioraphy
505 2# - FORMATTED CONTENTS NOTE
Formatted contents note Bibliography, Glossary
650 ## - SUBJECT ADDED ENTRY--TOPICAL TERM
Topical Term Mahabharat-Women
650 ## - SUBJECT ADDED ENTRY--TOPICAL TERM
Topical Term Women-India Women in Mahabharata
942 ## - ADDED ENTRY ELEMENTS (KOHA)
Koha item type Books
700 1# -
-- Shah, Shalini
Holdings
Collection code Home library Current library Date acquired Cost, normal purchase price Full call number Accession Number Koha item type
  Henry Martyn Institute Library Henry Martyn Institute Library 07/30/2007 300.00 294.5923 SHA 016930 Books
                   Copyright © 2026 | Henry Martyn Institute | Hyderabad | TS-500052 | INDIA | Implemented by hmi.edu.in
Hit-Count:

Powered by Koha